|
|
|
|
| LEADER |
00000cas a2200000 a 4500 |
| 001 |
vtls011466554 |
| 003 |
SK-MaSNL |
| 005 |
20260228164247.0 |
| 008 |
160113c20159999xo qr|ner 0 b0slo |
| 022 |
|
|
|a 2453-7950
|
| 040 |
|
|
|a SNK
|b slo
|c SNK
|e AACR2
|
| 041 |
0 |
|
|a slo
|
| 044 |
|
|
|a xo
|c SK
|
| 072 |
|
7 |
|a 316.7
|x Sociológia kultúry. Kultúrny život
|2 konspekt
|
| 072 |
|
7 |
|a 352/354
|x Stupne miestnej, oblastnej a ústrednej správy
|2 konspekt
|
| 080 |
|
|
|a 316.728
|2 2011
|
| 080 |
|
|
|a 352
|2 2011
|
| 080 |
|
|
|a (437.6)
|2 2011
|
| 080 |
|
|
|a 050
|2 2001
|
| 080 |
|
|
|a (051)+(054)
|2 2011
|
| 210 |
0 |
|
|a Naša Veličná
|
| 222 |
|
0 |
|a Naša Veličná
|
| 245 |
0 |
0 |
|a Naša Veličná
|b obecné noviny
|
| 260 |
|
|
|a Veličná
|b Obecný úrad
|c 2015-
|
| 300 |
|
|
|a zv.
|c 32-42 cm
|
| 310 |
|
|
|a 3x ročne
|b 2017-
|
| 321 |
|
|
|a 4x ročne
|b 2015-2016
|
| 362 |
0 |
|
|a Roč. 1, č. 1 (2015)-
|
| 500 |
|
|
|a Evidenčné číslo: EV 5114/15
|
| 500 |
|
|
|a Od r. 2015-2016 v tiráži podnázov: štvrťročník obce Veličná
|
| 500 |
|
|
|a Č. 1 (2015) rozmer zv. 32 cm
|
| 500 |
|
|
|a ISSN je uvedené od č. 4 (2016)
|
| 500 |
|
|
|a Od r. 2017- v tiráži podnázov: občasník obce Veličná
|
| 500 |
|
|
|a Roky 2015,2016,2017,2018 iba v PDF formáte v Odd.spracovania seriálov
|
| 515 |
|
|
|a Niektoré čísla vychádzajú ako dvojčíslo
|
| 650 |
0 |
7 |
|a spoločenský život
|2 SNKPH
|9 28654
|
| 650 |
0 |
7 |
|a miestna správa
|2 SNKPH
|9 29496
|
| 651 |
|
7 |
|a Veličná (Slovensko)
|2 SNKPHgeo
|9 81607
|
| 655 |
|
7 |
|a miestne periodiká
|2 SNKPH
|9 160938
|
| 856 |
4 |
1 |
|u www.velicna.sk
|
| 910 |
|
|
|a snk
|
| 999 |
|
|
|c 12936
|d 14866
|
| 952 |
|
|
|0 0
|1 0
|4 0
|7 0
|8 0
|a SNK
|b SNK
|d 2019-05-02
|i snk2019/12365
|l 0
|o snkČSA 1470/4/2018
|p 17A1366976
|r 2026-02-21 21:59:38
|t č. 1-3
|w 2026-02-21
|y PREZ
|
| 952 |
|
|
|0 0
|1 0
|4 0
|7 0
|8 0
|a SNK
|b SNK
|d 2019-01-28
|i snk2019/2349
|l 0
|o snkČSA 1470/1/2015
|p 17A1342446
|r 2026-02-21 22:21:01
|t č. 1-4, neúplné
|w 2026-02-21
|y PREZ
|z Chýba č. 2 - dostupné v PDF formáte
|
| 952 |
|
|
|0 0
|1 0
|4 0
|7 0
|8 0
|a SNK
|b SNK
|d 2019-01-28
|i snk2019/2350
|l 0
|o snkČSA 1470/2/2016
|p 17A1342445
|r 2026-02-21 22:21:01
|t č. 1-4
|w 2026-02-21
|y PREZ
|
| 952 |
|
|
|0 0
|1 0
|4 0
|7 0
|8 0
|a SNK
|b SNK
|d 2019-01-28
|i snk2019/2351
|l 0
|o snkČSA 1470/3/2017
|p 17A1342444
|r 2026-02-21 22:21:01
|t č. 1-3
|w 2026-02-21
|y PREZ
|